Správa o vývoji zahraničného obchodu SR za rok 2007
Makroekonomické súvislosti zahraničného obchodu SR v roku 2007. Teritoriálna a komoditná štruktúra zahraničného obchodu SR v roku 2007. Zahraničný obchod s agropotravinárskymi výrobkami. Štruktúra exportujúcich firiem. Trendy zahraničného obchodu SR v roku 2008.
Gespeichert in:
| Format: | Buchkapitel |
|---|---|
| Sprache: | Slowakisch |
| Schlagworte: | |
| Tags: |
Keine Tags, Fügen Sie das erste Tag hinzu!
|
MARC
| LEADER | 00000naa$a2200000$$$4500 | ||
|---|---|---|---|
| 001 | 0077108 | ||
| 005 | 20231106073933.1 | ||
| 041 | 0 | |a slo | |
| 044 | |a SK | ||
| 245 | 1 | 0 | |a Správa o vývoji zahraničného obchodu SR za rok 2007 |
| 520 | |a Makroekonomické súvislosti zahraničného obchodu SR v roku 2007. Teritoriálna a komoditná štruktúra zahraničného obchodu SR v roku 2007. Zahraničný obchod s agropotravinárskymi výrobkami. Štruktúra exportujúcich firiem. Trendy zahraničného obchodu SR v roku 2008. | ||
| 610 | 2 | 0 | |a obchod zahraničný |
| 610 | 2 | 0 | |a Slovensko |
| 610 | 2 | 0 | |a 2007 |
| 610 | 2 | 0 | |a makroekonomika |
| 610 | 2 | 0 | |a saldo |
| 610 | 2 | 0 | |a komodity |